Statistics for FIFA 16 Top 50 Rated Players

Click here to take the quiz!

General Stats

  • This quiz has been taken 720 times
  • The average score is 37 of 50

Answer Stats

ClubRatingAnswer% Correct
Real Madrid93Cristiano Ronaldo
100%
Barcelona94Lionel Messi
100%
Barcelona90Luis Suárez
98%
Barcelona88Neymar
97%
Bayern Munich90Manuel Neuer
95%
Chelsea89Eden Hazard
94%
Bayern Munich90Arjen Robben
93%
Paris Saint-Germain89Zlatan Ibrahimović
93%
Barcelona88Andrés Iniesta
91%
Paris Saint-Germain88Thiago Silva
91%
Manchester City87Sergio Agüero
90%
Manchester City88David Silva
89%
Real Madrid87Luka Modrić
87%
Real Madrid87Sergio Ramos
86%
Real Madrid87Gareth Bale
85%
Bayern Munich87Robert Lewandowski
84%
Arsenal87Mesut Özil
82%
Real Madrid87Toni Kroos
82%
Bayern Munich87Franck Ribéry
81%
Real Madrid86Karim Benzema
81%
Boca Juniors86Carlos Tévez
79%
Bayern Munich87Jérôme Boateng
77%
Manchester United86Wayne Rooney
77%
Borussia Dortmund86Marco Reus
76%
Juventus86Paul Pogba
76%
Arsenal86Alexis Sánchez
74%
Manchester City86Kevin De Bruyne
74%
Bayern Munich87Philipp Lahm
71%
Chelsea86Thibaut Courtois
69%
Bayern Munich86Thomas Müller
69%
Chelsea86Diego Costa
68%
Paris Saint-Germain85Edinson Cavani
68%
Barcelona85Gerard Piqué
67%
Borussia Dortmund86Mats Hummels
67%
Manchester United86David De Gea
65%
Paris Saint-Germain85Ángel Di María
64%
Chelsea87Cesc Fàbregas
62%
Juventus87Giorgio Chiellini
62%
Arsenal85Petr Čech
61%
Barcelona86Sergio Busquets
61%
Manchester City85Vincent Kompany
61%
Real Madrid87James Rodríguez
60%
Manchester City85Yaya Touré
57%
Bayern Munich85David Alaba
56%
Manchester United86Bastian Schweinsteiger
54%
Chelsea85John Terry
51%
Atlético Madrid85Diego Godín
47%
Bayern Munich86Arturo Vidal
43%
Arsenal85Santi Cazorla
43%
VfL Wolfsburg85Naldo
36%

Score Distribution

Percentile by Number Answered

Percent of People with Each Score

Your Score History

You have not taken this quiz